| 000 | 00368nam a2200145 a 4500 | ||
|---|---|---|---|
| 001 | 5030 | ||
| 003 | CDMR | ||
| 005 | 20151016130002.0 | ||
| 008 | 130130s1998||||||||||||||||||||||||||||d | ||
| 040 |
_aCDMR _bcat _cCPC LLEIDA |
||
| 110 |
_91020 _aUniversitat de Lleida |
||
| 245 | 3 | _aLa formació dels protagonistes del futur | |
| 260 |
_aLleida _c1998 _bUdL |
||
| 942 |
_cMON _2ddc |
||
| 999 |
_c5030 _d5030 |
||